| 000 | 00447nam a2200193Ia 4500 | ||
|---|---|---|---|
| 008 | 170918s9999 xx 000 0 und d | ||
| 020 | _a9780531122518 | ||
| 050 | _bD253 2003 | ||
| 100 | _aDavidson, Tish | ||
| 245 | _aSchool conflict / | ||
| 245 | _cTish Davidson. | ||
| 260 | _aNew York : | ||
| 260 | _bScholastic, | ||
| 260 | _c2003 | ||
| 300 | _a79 pages : | ||
| 300 | _bcolored illustration ; | ||
| 300 | _c21cm. | ||
| 500 | _a1180 | ||
| 999 |
_c341976 _d341976 |
||